000
00309nam a2200121Ia 4500
008
220204s9999 xx 000 0 und d
082
_a
624:691
_b
PAT
100
_a
Paatro, S N
245
0
_a
My home
260
_a
Bhubaneswar
_b
Orissa Environmental Society
_c
1991
700
_a
Upadhyaya, Biranchi
942
_c
BK
999
_c
40595
_d
40595